Snobíssimo ou o desejo de parecer (Record no. 45726)

MARC details
000 -Etiqueta do registo
Valores 00558cam a2200193 04500
100 ## - Dados gerais de processamento
Dados gerais 19950922d1965 m y0pory5003 ba
101 1# - Língua de publicação
Língua por
102 ## - País de publicação
País PT
200 1# - Titulo e menção de responsabilidade
Título próprio Snobíssimo ou o desejo de parecer
Primeira menção de responsabilidade Pierre Daninos
Outras menções de responsabilidade trad. de João Belchior Viegas
210 #9 - Publicação
Local de publicação Lisboa
Nome do editor Bertrand,
Data de publicação [D.L. 1965]
215 ## - Descrição física 
Paginação / Volumes 254, [2] p.
Dimensões 19 cm
225 2# - Colecção 
Título próprio da colecção Humoristas universais
675 ## - CDU
Notação 821.133.1-9
700 #1 - Autor principal
Apelido Daninos,
Nome Pierre,
Datas 1913-2005
702 #1 - Autor secundário
Apelido Viegas,
Nome João Belchior,
Datas 1926-2004
Função 730
801 #0 - Fonte de origem
País PT
Agência BN
Regras de catalogação RPC
990 ## - Elementos KOHA
Tipo de documento Livro
Holdings
Aquisição Empréstimo Código de barras Cota Permissão de empréstimo Tipo de documento Nota relativa ao exemplar
Biblioteca Municipal de Redondo Biblioteca Municipal de Redondo 056453 821.133.1-9 DAN   Livro contém carimbo de posse de António Pires Ferreira de Carvalho

Powered by Koha